Search Results
Showing Item 1 of 1
50 plus one tips for being more competitive in business
Available copies
- 10 of 10 copies available at Headquarters.
Current holds
0 current holds with 10 total copies.
| Location | Call Number / Copy Notes | Barcode | Shelving Location | Status | Due Date |
|---|---|---|---|---|---|
| Frafraha Library | 201 650.1/LAC | 000001700923 | 600 - Technology-How things are made, Human Body, Health & Disease, Pets, Farms, Cars, Cooking | Available | - |
| Frafraha Library | 201 650.1/LAC | 000001700930 | 600 - Technology-How things are made, Human Body, Health & Disease, Pets, Farms, Cars, Cooking | Available | - |
| Frafraha Library | 201 650.1/LAC | 000001700947 | 600 - Technology-How things are made, Human Body, Health & Disease, Pets, Farms, Cars, Cooking | Available | - |
| Frafraha Library | 201 650.1/LAC | 000001700954 | 600 - Technology-How things are made, Human Body, Health & Disease, Pets, Farms, Cars, Cooking | Available | - |
| Frafraha Library | 201 650.1/LAC | 000001700961 | 600 - Technology-How things are made, Human Body, Health & Disease, Pets, Farms, Cars, Cooking | Available | - |
| Frafraha Library | 201 650.1/LAC | 000001700978 | 600 - Technology-How things are made, Human Body, Health & Disease, Pets, Farms, Cars, Cooking | Available | - |
| Frafraha Library | 201 650.1/LAC | 000001700985 | 600 - Technology-How things are made, Human Body, Health & Disease, Pets, Farms, Cars, Cooking | Available | - |
| Frafraha Library | 201 650.1/LAC | 000001700992 | 600 - Technology-How things are made, Human Body, Health & Disease, Pets, Farms, Cars, Cooking | Available | - |
| Frafraha Library | 201 650.1/LAC | 000001701005 | 600 - Technology-How things are made, Human Body, Health & Disease, Pets, Farms, Cars, Cooking | Available | - |
| Frafraha Library | 201 650.1/LAC | 000001701012 | 600 - Technology-How things are made, Human Body, Health & Disease, Pets, Farms, Cars, Cooking | Available | - |
Record details
- ISBN: 9781933766157
- Physical Description: Paperback
- Publisher: Chicago Encouragement Press 2007
Search for related items by subject
| Subject: | Success in business |
| LDR | 00620cam a2200205Ka 4500 | ||
|---|---|---|---|
| 001 | 81439 | ||
| 003 | HQ | ||
| 005 | 20210611115621.0 | ||
| 008 | 070101s xxu er 0 eng d | ||
| 020 | . | ‡a9781933766157 | |
| 037 | . | ‡aGovernment Of Ghana | |
| 082 | . | ‡a650.1/LAC | |
| 100 | . | ‡aLackner, Greg | |
| 245 | . | ‡a50 plus one tips for being more competitive in business | |
| 260 | . | ‡aChicago ‡b Encouragement Press ‡c2007 | |
| 300 | . | ‡aPaperback | |
| 650 | . | ‡aSuccess in business | |
| 901 | . | ‡a81439 ‡bAUTOGEN ‡c81439 ‡tbiblio | |
Search Results
Showing Item 1 of 1

Add to basket
Permalink
Disable Highlighting